Modelling of oxidation processes : prototype, the oxidation of ethylbenzene /

Guardado en:
Autor Principal: Emanuel, N. M. 1915-
Otros Autores: Gál, Dezsîo.
Formato: Libro
Idioma:English
Russian
Publicado: Budapest : Akadémiai Kiadó, 1986.
Materias:
Etiquetas: Agregar Etiqueta
Sin Etiquetas, Sea el primero en etiquetar este registro!
LEADER 01050cam a22002775a 4500
001 EIQ.libpla000663
008 860807s1986####hu#a#####b####001#0#eng#d
005 20060420165854.0
245 1 0 |a Modelling of oxidation processes :  |b prototype, the oxidation of ethylbenzene /  |c N.M. Emanuel and D. Gál. 
260 |a Budapest :  |b Akadémiai Kiadó,  |c 1986. 
300 |a 436 p. :  |b il. ;  |c 25 cm. 
500 |a Traducción de: Okislenie çetilbenzola. 
500 |a "The PM of the oxidation of ethylbenzene generated by heuristic approach" inserted. 
504 |a Bibliografía: p. [411]-429. 
500 |a Incluye índice. 
020 |a 9630538784 
100 1 |a Emanuel, N. M.  |q (Nikolai Markovich),  |d 1915- 
700 1 |a Gál, Dezsîo. 
650 4 |a Oxidación  |x Modelos matemáticos. 
650 4 |a Oxidación  |x Procesamiento de datos. 
650 0 |a Oxidation  |x Data processing. 
650 0 |a Oxidation  |x Mathematical models. 
010 |a  86192436  
040 |a DLC  |c DLC  |d AR-BbSID 
041 1 |a eng  |h rus 
859 |a AR-BbSID  |b BIB. PLAPIQUI  |h 541.39  |i Em 11  |p 3614